00512nam a2200157 i 4500001000300000100001900003245008300022260002100105040000800126041000800134942000700142008004100149999001700190856009800207952004900305bg1 aPRUCHA, Vaclav 0aRozwój gospodarczy europejskich krajów socjalistycznych /cVacłav Prucha. aWarszawa,c1981. cBPK apol cKS s pl f |000 0 pol  c19877d19877 uhttp://koha.tu.koszalin.pl/cgi-bin/koha/opac-detail.pl?biblionumber=19877yKatalog online BPK 00104070aBPKbBPKcwo28023p01656718yKS